000 00350nam a2200145Ia 4500
008 230917s9999||||xx |||||||||||||| ||und||
040 _e152522
_aMAIN
041 _aEnglish
082 _a294.12 S23R
100 _aSharma, Shreeram
245 0 _aRigveda, V3
260 _aUttar Pardesh
_bSanskrit Sansthan
_c1977
300 _a1436 p.
942 _cBK
999 _c194253
_d194253